| 000 | 00984cab a2200289 4500 | ||
|---|---|---|---|
| 001 | ABS52679 | ||
| 008 | 090401t1995 xxu||||| |||| 00| 0 eng d | ||
| 035 | _a(Sirsi) u90428 | ||
| 041 | _aeng | ||
| 100 | _aPawlowski, M. | ||
| 245 | _aEncroachment of tree roots | ||
| 260 | _c1995 | ||
| 350 | _a0 | ||
| 490 |
_aEstates Gazette _v(9515) 15 April 1995, 100-101(2) |
||
| 520 | _aReports on the recent case "Paterson v Humberside CC", in which the council were found liable for the damage to property by tree roots. Refers to other cases, particularly "Solloway v Hampshire CC" (1981) and "Russell v Barnet LBC" (1985). | ||
| 650 | _aHIGHWAYS ACT 1980 S96 | ||
| 650 | _aLIABILITY | ||
| 650 | _aLOCAL AUTHORITIES | ||
| 650 | _aNUISANCE | ||
| 650 | _aPATERSON V HUMBERSIDE CC | ||
| 650 | _aSUBSIDENCE | ||
| 650 | _aTREE ROOTS | ||
| 690 | _aBUILT ENVIRONMENT-BUILDING INSPECTION | ||
| 690 | _aHIGHWAYS RIGHTS OF WAY AND EASEMENTS | ||
| 942 | _n0 | ||
| 948 | _c04/03/1997 | ||
| 999 |
_c57334 _d57334 |
||